00490ntaaa2200169 45000030003000000050017000030080021000200400037000410820016000781000028000942450106001222500010002282600041002383000009002796500011002886500021002990120251027200801.00714s1973 ag 01  aAR-BaBNbspacAR-BaBNeaacrdRIC a784.624 G22 aGattinoni, Nélida F.  aNiños en movimiento a través de la letra y la música. Cuaderno Nº 1 / cNélida F. Gattinoni  a1 ed. aBuenos Aires : bLas Auroras, c1961 a15 p aMusica aMúsica-Niños